| 000 | 00410nam a22001697a 4500 | ||
|---|---|---|---|
| 005 | 20160521123042.0 | ||
| 008 | 160521b xxu||||| |||| 00| 0 eng d | ||
| 020 | _a978-81-203-2966-9 | ||
| 041 | _aeng | ||
| 082 | _b3787 | ||
| 100 |
_aN.K. Tiwari Shishir K. Shandilya _9959 |
||
| 245 | _aOperations Research | ||
| 260 |
_aNew Delhi _bPHI, _c2008 |
||
| 300 | _a283 | ||
| 650 |
_aManagement _9241 |
||
| 942 | _cBK | ||
| 999 |
_c1308 _d1308 |
||